| 000 | 00928nam a2200277 i 4500 | ||
|---|---|---|---|
| 001 | 183901 | ||
| 003 | ES-MaACL | ||
| 005 | 20251003191813.0 | ||
| 008 | 141119s1964 sp |||| | spa d | ||
| 080 | _a953(093.32) | ||
| 080 | _a953(46)(093.32) | ||
| 100 | 0 |
_aIbn Abi Zar', Ali b. Abd Allah. _964996 |
|
| 245 | 1 | 0 |
_aRawd Al-Qirtas / _cIbn Abi Zar' ; traducido y anotado por Ambrosio Huici Miranda. |
| 250 | _a2ª ed. | ||
| 260 |
_aValencia : _b[s.n.], _c1964 ( _fJ. Nácher, imp.) |
||
| 300 |
_a2 v. ; _c17 cm. |
||
| 490 | 1 |
_aTextos medievales ; _v12, 13 |
|
| 500 | _aÍndices. | ||
| 504 | _aReferencias bibliográficas. | ||
| 651 | 7 |
_aAl-Andalus- _xHistoria. _97609 |
|
| 651 | 7 |
_aMarruecos- _xHistoria- _y647-1516. _9155937 |
|
| 700 | 1 |
_aHuici Miranda, Ambrosio, _d1880-1973 _964662 |
|
| 830 | 0 |
_aTextos medievales ; _v12, 13 _9179970 |
|
| 852 |
_aES-MaACL _jE-15430-31 _z- enc. rúst. |
||
| 999 |
_c183901 _d183901 |
||